| 000 | 00745nam a2200217Ii 4500 | ||
|---|---|---|---|
| 003 | JO-AjNU | ||
| 008 | 230605s9999||||xx |||||||||||||| ||und|| | ||
| 017 | _a2000/4/1553 | ||
| 040 |
_aJO-AjNU _bara _erda _cJO-AjNU |
||
| 041 | _aara | ||
| 050 | 1 | 4 | _aPJ6123.S52 2007 |
| 100 | 3 |
_aتأليف الشوابكة،داود غطاشة, _eauthor _913132 |
|
| 245 | 0 | 0 | _aقواعد الكتابة والترقيم |
| 250 | _aط2 | ||
| 264 | 3 | 1 | _aعمان: دار الفكر ناشرون وموزعون،2007 |
| 300 | _a88ص | ||
| 336 |
_atext _btxt _2rdacontent |
||
| 337 |
_aunmediated _bn _2rdamedia |
||
| 338 |
_avolume _bnc _2rdacarrier |
||
| 650 | 4 |
_aالكتابة-الكتابة والترقيم-قواعد الكتابة والترقيم _913133 |
|
| 999 |
_aA3188 _c6756 _d6756 |
||